NGO in Rural Development/ (Record no. 216824)
[ view plain ]
| 000 -LEADER | |
|---|---|
| fixed length control field | 00716nam a22002177a 4500 |
| 005 - DATE AND TIME OF LATEST TRANSACTION | |
| control field | 20260702104401.0 |
| 010 ## - LCCN (DPL NO) | |
| LC control number | ENG-148960 |
| 020 ## - INTERNATIONAL STANDARD BOOK NUMBER | |
| Terms of availability | 495.00 |
| International Standard Book Number | 9789382120032 |
| 035 ## - SYSTEM CONTROL NUMBER | |
| System control number | EN-132492 |
| 037 ## - SOURCE OF ACQUISITION | |
| Source of stock number/acquisition | DBAD |
| 082 ## - DEWEY DECIMAL CLASSIFICATION NUMBER | |
| Classification number | 307.14 |
| Edition number | 1 |
| 100 ## - MAIN ENTRY--PERSONAL NAME | |
| Personal name | Sahu, B.P |
| 245 ## - TITLE STATEMENT | |
| Title | NGO in Rural Development/ |
| Statement of responsibility, etc | B.P. Sahu; Jeevan Thapa [and] Deepak Kumar Pradhan |
| 250 ## - EDITION STATEMENT | |
| Edition statement | 1 |
| 260 ## - PUBLICATION, DISTRIBUTION, ETC. (IMPRINT) | |
| Place of publication, distribution, etc | New Delhi |
| Name of publisher, distributor, etc | Lakshi Publishers & Distributers |
| Date of publication, distribution, etc | 2012 |
| 270 ## - ADDRESS | |
| City | New Delhi |
| Address | H.O.: 4/22E, Saket Block, Mandawali Fazalpur, New Delhi |
| Postal code | 110092 |
| 300 ## - PHYSICAL DESCRIPTION | |
| Extent | 113p. |
| Dimensions | 22cm(hb) |
| 700 ## - ADDED ENTRY--PERSONAL NAME | |
| Personal name | Thapa, Jeevan |
| Relator term | Author |
| 9 (RLIN) | 89489 |
| 700 ## - ADDED ENTRY--PERSONAL NAME | |
| Personal name | Pradhan, Deepak Kumar |
| Relator term | Author |
| 9 (RLIN) | 89490 |
| 942 ## - ADDED ENTRY ELEMENTS (KOHA) | |
| Source of classification or shelving scheme | Dewey Decimal Classification |
| Item type | English Books |
| Classification part | 307.14 |
| Call number suffix | SAH |
| Withdrawn status | Lost status | Not for loan | Collection code | Home library | Current library | Date acquired | Source of acquisition | Cost, normal purchase price | Full call number | Barcode | Copy number | Cost, replacement price | Koha item type |
|---|---|---|---|---|---|---|---|---|---|---|---|---|---|
| Not For Loan | Non-fiction | D.B.Act.Division | D.B.Act.Division | 02/07/2026 | Delivery of Books Act Division | 495.00 | 307.14 SAH | EN-132492 | 1 | 495.00 | English Books |
